Les 2 meilleurs gardiens de ces grands clubs dans l'histoire - Statistiques

Statistiques générales
  • Ce quiz a été pris 97 fois
  • Le résultat moyen est 19 sur 30
Statistiques - réponses
Clubs Nationalités Joueurs % Correct
Juventus Turin Italie Gianluigi Buffon
99%
Paris Saint-Germain Italie Gianluigi Donnarumma
98%
Réal Madrid Espagne Iker Casillas
98%
Bayern Munich Allemagne Manuel Neuer
96%
Réal Madrid Belgique Thibaut Courtois
95%
Chelsea République Tchèque Petr Cech
92%
Manchester United Danemark Peter Schmeichel
83%
Manchester United Pays-Bas Edwin Van der Sar
82%
Olympique de Marseille France Steve Mandanda
82%
Olympique Lyonnais Portugal Anthony Lopes
81%
Manchester City Brésil Ederson
81%
FC Barcelone Espagne Victor Valdes
81%
Chelsea Sénégal Edouard Mendy
77%
AC Milan Brésil Nelson Dida
75%
Olympique Lyonnais France Grégory Coupet
74%
Paris Saint-Germain France Bernard Lama
71%
Olympique de Marseille France Fabien Barthez
71%
Liverpool Brésil Alisson Becker
63%
Manchester City Angleterre Joe Hart
63%
Inter Milan Slovénie Samir Handanovic
57%
Borussia Dortmund Suisse Gregor Köbel
52%
Arsenal Allemagne Jens Lehmann
49%
Juventus Turin Italie Dino Zoff
48%
Arsenal Angleterre David Seaman
35%
Borussia Dortmund Allemagne Roman Weidenfeller
30%
FC Barcelone Espagne Andoni Zubizarreta
19%
Bayern Munich Allemagne Sepp Maier
14%
Liverpool Zimbabwe Bruce Grobbelaar
11%
AC Milan Italie Sebastiano Rossi
8%
Inter Milan Italie Walter Zenga
2%
Aucun quiz correspondant
Distribution des résultats
% des personnes avec chaque résultat
Percentile par nombre de réponses
Votre historique - résultats
Vous n’avez pas pris ce quiz